[Event "World Chess Olympiad 2018"]
[Site "Batumi"]
[Date "2018.09.25"]
[Round "2"]
[Board "2"]
[WhiteFideId "1007220"]
[White "Croes Octavio"]
[BlackFideId "5300398"]
[Black "Tomb Maroun"]
[Result "0-1"]
[LiveChessVersion "1.4.8"]
[BlackElo "2177"]
[WhiteElo "1805"]

1. d4 {[%clk 1:30:56]} d6 {[%clk 1:30:46]} 2. c4 {[%clk 1:31:20]} Nf6
{[%clk 1:31:11]} 3. Nf3 {[%clk 1:31:40]} Nbd7 {[%clk 1:31:18]} 4. Bf4
{[%clk 1:31:43]} Nh5 {[%clk 1:30:21]} 5. Bg5 {[%clk 1:31:12]} h6 {[%clk 1:30:39]}
6. Bh4 {[%clk 1:31:36]} g5 {[%clk 1:30:54]} 7. Bg3 {[%clk 1:32:03]} Bg7
{[%clk 1:30:52]} 8. e3 {[%clk 1:31:58]} c5 {[%clk 1:29:53]} 9. Nc3
{[%clk 1:31:08]} b6 {[%clk 1:22:49]} 10. Be2 {[%clk 1:27:00]} Nxg3
{[%clk 1:21:49]} 11. hxg3 {[%clk 1:27:23]} Nf6 {[%clk 1:15:33]} 12. Qc2
{[%clk 1:21:59]} Bb7 {[%clk 1:06:37]} 13. d5 {[%clk 1:15:05]} a6 {[%clk 0:57:38]}
14. O-O-O {[%clk 0:55:29]} Bc8 {[%clk 0:49:58]} 15. e4 {[%clk 0:49:50]} Ng4
{[%clk 0:47:38]} 16. Bd3 {[%clk 0:47:52]} Bd7 {[%clk 0:47:24]} 17. a4
{[%clk 0:34:40]} Qc7 {[%clk 0:43:59]} 18. Rde1 {[%clk 0:30:52]} b5
{[%clk 0:39:55]} 19. cxb5 {[%clk 0:30:46]} c4 {[%clk 0:38:44]} 20. Nd1
{[%clk 0:20:12]} axb5 {[%clk 0:38:11]} 21. axb5 {[%clk 0:17:05]} Ra1+
{[%clk 0:38:23]} 22. Kd2 {[%clk 0:17:25]} Qa5+ {[%clk 0:38:49]} 23. Nc3
{[%clk 0:13:50]} Rxe1 {[%clk 0:35:01]} 24. Kxe1 {[%clk 0:14:07]} cxd3
{[%clk 0:35:17]} 25. Qxd3 {[%clk 0:14:07]} Qa1+ {[%clk 0:33:56]} 26. Nd1
{[%clk 0:13:05]} Bxb2 {[%clk 0:32:00]} 27. Ke2 {[%clk 0:12:22]} Bf6
{[%clk 0:30:12]} 28. b6 {[%clk 0:11:59]} Qa5 {[%clk 0:30:17]} 29. b7
{[%clk 0:12:11]} O-O {[%clk 0:29:49]} 0-1

[Event "World Chess Olympiad 2018"]
[Site "Batumi"]
[Date "2018.09.25"]
[Round "2"]
[Board "3"]
[WhiteFideId "5300150"]
[White "Kassis Antoine"]
[BlackFideId "15900037"]
[Black "Pesqueira Jose"]
[Result "1-0"]
[LiveChessVersion "1.4.8"]
[BlackElo "1801"]
[WhiteElo "2173"]

1. e4 {[%clk 1:30:51]} d6 {[%clk 1:30:49]} 2. d4 {[%clk 1:31:16]} Nf6
{[%clk 1:31:15]} 3. Nc3 {[%clk 1:31:37]} Nbd7 {[%clk 1:31:26]} 4. g3
{[%clk 1:25:31]} e5 {[%clk 1:30:36]} 5. Nge2 {[%clk 1:25:40]} Be7
{[%clk 1:27:37]} 6. Bg2 {[%clk 1:26:01]} c6 {[%clk 1:27:40]} 7. O-O
{[%clk 1:26:04]} O-O {[%clk 1:27:47]} 8. a4 {[%clk 1:23:02]} a5 {[%clk 1:24:07]}
9. h3 {[%clk 1:23:21]} Qc7 {[%clk 1:22:06]} 10. g4 {[%clk 1:19:24]} Kh8
{[%clk 0:53:43]} 11. Be3 {[%clk 1:09:14]} Re8 {[%clk 0:50:46]} 12. Ng3
{[%clk 0:51:03]} g6 {[%clk 0:42:04]} 13. f4 {[%clk 0:48:45]} Bf8 {[%clk 0:33:04]}
14. g5 {[%clk 0:43:16]} Ng8 {[%clk 0:14:05]} 15. fxe5 {[%clk 0:39:45]} dxe5
{[%clk 0:13:57]} 16. Rxf7 {[%clk 0:39:27]} Bg7 {[%clk 0:13:43]} 17. d5
{[%clk 0:39:07]} Qd6 {[%clk 0:08:01]} 18. Qf3 {[%clk 0:28:00]} Re7
{[%clk 0:03:18]} 19. h4 {[%clk 0:20:11]} Rxf7 {[%clk 0:02:13]} 20. Qxf7
{[%clk 0:20:36]} Qe7 {[%clk 0:01:28]} 21. Rf1 {[%clk 0:20:43]} Qf8
{[%clk 0:00:41]} 22. Bh3 {[%clk 0:18:13]} Qd8 {[%clk 0:00:36]} 23. h5
{[%clk 0:16:50]} Qe7 {[%clk 0:00:37]} 24. Be6 {[%clk 0:12:21]} Qxf7
{[%clk 0:00:56]} 25. Rxf7 {[%clk 0:12:40]} Bf8 26. Bxd7 {[%clk 0:12:38]} 1-0

[Event "World Chess Olympiad 2018"]
[Site "Batumi"]
[Date "2018.09.25"]
[Round "2"]
[Board "4"]
[WhiteFideId "15900509"]
[White "Diaz Brian"]
[BlackFideId "5302803"]
[Black "Al Kaoury Mahdi"]
[Result "0-1"]
[LiveChessVersion "1.4.8"]
[BlackElo "2106"]
[WhiteElo "1737"]

1. d4 {[%clk 1:30:57]} e6 {[%clk 1:30:52]} 2. c4 {[%clk 1:31:20]} Nf6
{[%clk 1:31:18]} 3. Nf3 {[%clk 1:31:44]} Bb4+ {[%clk 1:31:44]} 4. Bd2
{[%clk 1:32:08]} c5 {[%clk 1:32:11]} 5. a3 {[%clk 1:32:27]} Bxd2+
{[%clk 1:32:37]} 6. Qxd2 {[%clk 1:32:53]} d6 {[%clk 1:33:01]} 7. Nc3
{[%clk 1:31:10]} Nc6 8. dxc5 {[%clk 1:20:43]} dxc5 {[%clk 1:30:17]} 9. Qxd8+
{[%clk 1:21:03]} Kxd8 {[%clk 1:30:42]} 10. Rd1+ {[%clk 1:15:54]} Ke7
{[%clk 1:31:03]} 11. e4 {[%clk 1:12:52]} b6 {[%clk 1:31:00]} 12. Be2
{[%clk 1:01:32]} Bb7 {[%clk 1:30:54]} 13. O-O {[%clk 1:01:21]} Rad8
{[%clk 1:31:06]} 14. e5 {[%clk 0:44:26]} Nd7 {[%clk 1:29:37]} 15. Nb5
{[%clk 0:43:25]} Ba6 {[%clk 1:19:33]} 16. Nc7 {[%clk 0:35:43]} Bc8
{[%clk 1:19:37]} 17. Nb5 {[%clk 0:18:58]} a6 {[%clk 1:13:07]} 18. Nd6
{[%clk 0:16:31]} Ndxe5 {[%clk 1:11:27]} 19. Nxe5 {[%clk 0:14:39]} Nxe5
{[%clk 1:11:55]} 20. f4 {[%clk 0:11:56]} Nf3+ {[%clk 1:07:54]} 21. Bxf3
{[%clk 0:11:49]} Rxd6 {[%clk 1:08:20]} 22. Rxd6 {[%clk 0:12:17]} Kxd6
{[%clk 1:08:42]} 23. Rd1+ {[%clk 0:12:42]} Kc7 {[%clk 1:09:03]} 24. b4
{[%clk 0:09:19]} Rd8 {[%clk 1:09:02]} 25. Rxd8 {[%clk 0:07:32]} Kxd8
{[%clk 1:09:29]} 26. Kf2 {[%clk 0:07:13]} Kc7 {[%clk 1:09:32]} 27. Ke3
{[%clk 0:06:50]} Kd6 {[%clk 1:09:31]} 28. h3 {[%clk 0:04:46]} f6 {[%clk 1:09:54]}
29. g4 {[%clk 0:03:56]} g5 {[%clk 1:05:13]} 30. fxg5 {[%clk 0:03:20]} fxg5
{[%clk 1:05:41]} 31. Be4 {[%clk 0:02:55]} h6 {[%clk 1:06:10]} 32. Bg6
{[%clk 0:01:49]} Bb7 {[%clk 1:05:18]} 33. Be4 {[%clk 0:01:18]} Bxe4
{[%clk 1:05:24]} 34. Kxe4 {[%clk 0:01:47]} cxb4 {[%clk 1:05:46]} 35. axb4
{[%clk 0:02:11]} a5 {[%clk 1:05:20]} 0-1

[Event "World Chess Olympiad 2018"]
[Site "Batumi"]
[Date "2018.09.25"]
[Round "2"]
[Board "1"]
[WhiteFideId "7700768"]
[White "Johnson Joshua"]
[BlackFideId "21200149"]
[Black "Ephoevi-Ga Adama Mawulikplimi"]
[Result "1/2-1/2"]
[LiveChessVersion "1.4.8"]
[BlackElo "1848"]
[WhiteElo "2261"]

1. e4 {[%clk 1:30:46]} c6 {[%clk 1:30:45]} 2. d4 {[%clk 1:30:59]} d5
{[%clk 1:31:05]} 3. e5 {[%clk 1:31:27]} Bf5 {[%clk 1:31:01]} 4. g4
{[%clk 1:31:22]} Bd7 {[%clk 1:29:45]} 5. h4 {[%clk 1:31:42]} g6 {[%clk 1:27:23]}
6. h5 {[%clk 1:31:15]} Bg7 {[%clk 1:20:07]} 7. c3 {[%clk 1:26:44]} Nh6
{[%clk 1:13:36]} 8. Bxh6 {[%clk 1:25:39]} Bxh6 {[%clk 1:13:07]} 9. hxg6
{[%clk 1:25:17]} hxg6 {[%clk 1:12:08]} 10. Qf3 {[%clk 1:24:19]} Be6
{[%clk 0:59:19]} 11. Ne2 {[%clk 1:11:27]} Kd7 {[%clk 0:51:29]} 12. Rg1
{[%clk 0:58:44]} Bg5 {[%clk 0:48:20]} 13. Nf4 {[%clk 0:46:25]} Bxf4
{[%clk 0:45:52]} 14. Qxf4 {[%clk 0:43:58]} Qb6 {[%clk 0:44:02]} 15. Qd2
{[%clk 0:43:38]} Rh2 {[%clk 0:40:40]} 16. Na3 {[%clk 0:42:28]} Na6
{[%clk 0:40:06]} 17. O-O-O {[%clk 0:41:43]} Rah8 {[%clk 0:38:23]} 18. Nc2
{[%clk 0:40:57]} Qa5 {[%clk 0:36:41]} 19. Kb1 {[%clk 0:39:29]} Kc8
{[%clk 0:31:58]} 20. Ne1 {[%clk 0:35:43]} R2h4 {[%clk 0:26:25]} 21. Be2
{[%clk 0:35:18]} b5 {[%clk 0:21:46]} 22. a3 {[%clk 0:18:13]} Qd8 {[%clk 0:13:28]}
23. Qg5 {[%clk 0:17:05]} Qd7 {[%clk 0:12:36]} 24. Nd3 {[%clk 0:15:46]} Rh2
{[%clk 0:08:32]} 25. Rdf1 {[%clk 0:10:18]} R2h4 {[%clk 0:06:25]} 26. Bd1
{[%clk 0:06:43]} Kc7 {[%clk 0:06:18]} 27. Be2 {[%clk 0:06:43]} Kb6
{[%clk 0:05:53]} 28. Kc2 c5 29. dxc5+ {[%clk 0:06:02]} Nxc5 {[%clk 0:06:05]} 30.
Qe3 {[%clk 0:06:01]} d4 {[%clk 0:04:51]} 31. Qxd4 {[%clk 0:06:05]} Qxd4
{[%clk 0:04:54]} 32. cxd4 {[%clk 0:06:32]} Nb3 {[%clk 0:03:25]} 33. Nf4
{[%clk 0:03:31]} Nxd4+ {[%clk 0:03:42]} 34. Kd3 {[%clk 0:03:22]} Nxe2
{[%clk 0:03:43]} 35. Kxe2 {[%clk 0:03:42]} Bxg4+ {[%clk 0:03:58]} 36. f3
{[%clk 0:04:08]} Bd7 {[%clk 0:03:25]} 37. Nd5+ {[%clk 0:04:26]} Kb7
{[%clk 0:03:07]} 1/2-1/2

[Event "World Chess Olympiad 2018"]
[Site "Batumi"]
[Date "2018.09.25"]
[Round "2"]
[Board "2"]
[WhiteFideId "21200017"]
[White "Amewounou Komlan Kouessan"]
[BlackFideId "7700512"]
[Black "Cupid Kevin"]
[Result "0-1"]
[LiveChessVersion "1.4.8"]
[BlackElo "2124"]
[WhiteElo "1758"]

1. d4 {[%clk 1:27:58]} Nf6 {[%clk 1:30:55]} 2. c4 {[%clk 1:26:54]} e6
{[%clk 1:30:10]} 3. Nc3 {[%clk 1:26:43]} Bb4 {[%clk 1:30:37]} 4. Bd2
{[%clk 1:26:20]} b6 {[%clk 1:30:09]} 5. Qc2 {[%clk 1:20:39]} Bb7 {[%clk 1:29:32]}
6. f3 {[%clk 1:20:45]} Nc6 {[%clk 1:27:31]} 7. e3 {[%clk 1:20:41]} a5
{[%clk 1:14:34]} 8. a3 {[%clk 1:20:49]} Bxc3 {[%clk 1:14:34]} 9. Bxc3
{[%clk 1:20:57]} O-O {[%clk 1:12:33]} 10. Bd3 {[%clk 1:20:26]} d5
{[%clk 1:12:45]} 11. b3 {[%clk 1:18:48]} a4 {[%clk 1:12:51]} 12. bxa4
{[%clk 1:14:48]} dxc4 {[%clk 1:11:14]} 13. Bxc4 {[%clk 1:14:35]} Nd5
{[%clk 1:11:07]} 14. Bxd5 {[%clk 1:08:42]} exd5 {[%clk 1:10:48]} 15. h4
{[%clk 1:01:15]} Re8 {[%clk 1:10:38]} 16. Kf2 {[%clk 0:57:45]} Qe7
{[%clk 1:09:52]} 17. Qd2 {[%clk 0:56:55]} Rxa4 {[%clk 1:10:00]} 18. Ne2
{[%clk 0:55:21]} Na5 {[%clk 1:06:55]} 19. Bb4 {[%clk 0:48:13]} Nc4
{[%clk 1:06:42]} 20. Bxe7 {[%clk 0:34:25]} Nxd2 {[%clk 1:06:38]} 21. Bb4
{[%clk 0:32:55]} Nc4 {[%clk 1:06:34]} 22. Rhe1 {[%clk 0:30:58]} Raa8
{[%clk 0:57:49]} 23. Nf4 {[%clk 0:26:46]} Rec8 {[%clk 0:49:58]} 24. a4
{[%clk 0:19:37]} Ra6 {[%clk 0:46:54]} 25. e4 {[%clk 0:17:36]} c5 {[%clk 0:45:33]}
26. Bc3 {[%clk 0:15:54]} dxe4 {[%clk 0:45:10]} 27. fxe4 {[%clk 0:15:54]} Nd6
{[%clk 0:44:55]} 28. d5 {[%clk 0:14:59]} Re8 {[%clk 0:24:41]} 29. e5
{[%clk 0:10:45]} Nf5 {[%clk 0:24:31]} 30. h5 {[%clk 0:08:35]} Ne7
{[%clk 0:23:00]} 31. d6 {[%clk 0:08:10]} Nd5 {[%clk 0:22:46]} 32. Nxd5
{[%clk 0:05:58]} Bxd5 {[%clk 0:23:14]} 33. g4 {[%clk 0:04:25]} Bc6
{[%clk 0:21:39]} 34. Re2 {[%clk 0:02:58]} Bd7 {[%clk 0:20:13]} 35. Kg3
{[%clk 0:03:21]} Rea8 {[%clk 0:19:47]} 36. a5 {[%clk 0:03:28]} b5
{[%clk 0:19:29]} 37. Rea2 {[%clk 0:02:27]} b4 {[%clk 0:16:42]} 38. Bd2
{[%clk 0:02:22]} Be6 {[%clk 0:15:49]} 39. Rb2 {[%clk 0:02:15]} Rxa5
{[%clk 0:14:34]} 40. Rc1 {[%clk 0:32:06]} Rb5 {[%clk 0:30:42]} 41. Be3
{[%clk 0:32:29]} Rc8 {[%clk 0:22:16]} 42. Bd2 {[%clk 0:31:12]} Kf8
{[%clk 0:18:58]} 43. g5 {[%clk 0:30:57]} Ke8 {[%clk 0:19:27]} 44. Ra1
{[%clk 0:25:20]} Rb7 {[%clk 0:15:54]} 45. Kf4 {[%clk 0:21:52]} g6
{[%clk 0:16:07]} 46. hxg6 {[%clk 0:22:02]} hxg6 {[%clk 0:16:36]} 47. Rc1
{[%clk 0:18:45]} Ra7 {[%clk 0:14:47]} 48. Rbc2 {[%clk 0:18:53]} Ra5
{[%clk 0:14:53]} 49. Ke3 {[%clk 0:17:40]} Rb5 {[%clk 0:14:29]} 50. Ra1
{[%clk 0:17:19]} c4 {[%clk 0:14:08]} 51. Kf4 {[%clk 0:15:47]} b3 {[%clk 0:12:35]}
52. Rb2 {[%clk 0:14:33]} c3 {[%clk 0:13:02]} 53. Bxc3 {[%clk 0:14:17]} Rxc3
{[%clk 0:13:29]} 54. Ra8+ {[%clk 0:13:46]} Kd7 {[%clk 0:12:08]} 55. Ra7+
{[%clk 0:13:44]} Kc8 {[%clk 0:12:19]} 56. d7+ {[%clk 0:09:53]} Bxd7
{[%clk 0:12:47]} 57. e6 {[%clk 0:09:40]} Bxe6 {[%clk 0:12:32]} 58. Rh2
{[%clk 0:09:54]} Rf5+ {[%clk 0:07:48]} 59. Ke4 {[%clk 0:10:15]} Bd5+
{[%clk 0:07:45]} 60. Kd4 {[%clk 0:10:31]} Rc4+ {[%clk 0:08:07]} 0-1

[Event "World Chess Olympiad 2018"]
[Site "Batumi"]
[Date "2018.09.25"]
[Round "2"]
[Board "3"]
[WhiteFideId "7700750"]
[White "Winter Atwell Adrian"]
[BlackFideId "21200025"]
[Black "Botsoe Koffi"]
[Result "1-0"]
[LiveChessVersion "1.4.8"]
[BlackElo "1680"]
[WhiteElo "2221"]

1. e4 {[%clk 1:30:42]} d5 {[%clk 1:30:41]} 2. exd5 {[%clk 1:30:58]} Qxd5
{[%clk 1:31:04]} 3. Nc3 {[%clk 1:31:04]} Qa5 {[%clk 1:31:01]} 4. g3
{[%clk 1:29:31]} Nf6 {[%clk 1:29:50]} 5. Bg2 {[%clk 1:29:17]} c6 {[%clk 1:29:24]}
6. Nf3 {[%clk 1:29:02]} Bg4 {[%clk 1:27:31]} 7. h3 {[%clk 1:27:15]} Bd7
{[%clk 1:22:03]} 8. O-O {[%clk 1:24:50]} Bf5 {[%clk 1:19:56]} 9. b4
{[%clk 1:25:00]} Qc7 {[%clk 1:19:45]} 10. b5 {[%clk 1:23:53]} e6 {[%clk 1:20:00]}
11. bxc6 {[%clk 1:23:20]} bxc6 {[%clk 1:18:29]} 12. Nd4 {[%clk 1:22:14]} Bg6
{[%clk 1:18:11]} 13. Rb1 {[%clk 1:18:13]} Nd5 {[%clk 1:15:22]} 14. Nxd5
{[%clk 1:09:12]} cxd5 {[%clk 1:15:42]} 15. d3 {[%clk 1:09:14]} Bc5
{[%clk 1:15:40]} 16. Bf4 {[%clk 1:08:21]} Qd8 {[%clk 1:11:43]} 17. Nb5
{[%clk 1:06:11]} Na6 {[%clk 1:11:46]} 18. h4 {[%clk 1:04:10]} f6 {[%clk 1:10:06]}
19. Re1 {[%clk 1:03:49]} Bf7 20. c4 {[%clk 0:58:59]} O-O {[%clk 1:09:18]} 21.
cxd5 {[%clk 0:58:50]} e5 {[%clk 1:08:23]} 22. Be3 {[%clk 0:53:45]} Bxd5
{[%clk 1:07:42]} 23. Bxc5 {[%clk 0:51:54]} Nxc5 {[%clk 1:07:46]} 24. Bxd5+
{[%clk 0:52:16]} Qxd5 {[%clk 1:07:30]} 25. Nc7 {[%clk 0:52:37]} Qxd3
{[%clk 1:06:51]} 26. Nxa8 {[%clk 0:52:55]} Rxa8 {[%clk 1:06:18]} 27. Qxd3
{[%clk 0:51:12]} Nxd3 {[%clk 1:06:21]} 28. Re3 {[%clk 0:51:31]} Nc5
{[%clk 1:05:46]} 29. Rc1 {[%clk 0:51:40]} Ne6 {[%clk 1:05:34]} 30. f4
{[%clk 0:50:50]} Nd4 {[%clk 1:05:42]} 31. fxe5 {[%clk 0:50:40]} fxe5
{[%clk 1:05:27]} 32. Kg2 {[%clk 0:50:49]} Re8 {[%clk 1:04:28]} 33. Rc5
{[%clk 0:49:38]} Rb8 {[%clk 0:55:16]} 34. Rexe5 {[%clk 0:47:26]} Rb2+
{[%clk 0:55:12]} 35. Kh3 {[%clk 0:46:47]} Rxa2 {[%clk 0:55:20]} 36. Ra5
{[%clk 0:45:37]} Rf2 {[%clk 0:53:43]} 37. Rxa7 {[%clk 0:45:19]} Nc6
{[%clk 0:36:31]} 38. Re8+ {[%clk 0:45:13]} Rf8 {[%clk 0:36:33]} 39. Rxf8+
{[%clk 0:45:38]} Kxf8 {[%clk 0:36:47]} 40. Rb7 {[%clk 1:15:47]} Ne7
{[%clk 1:02:07]} 41. Kg4 {[%clk 1:15:03]} h6 {[%clk 1:01:33]} 42. h5
{[%clk 1:15:03]} Kf7 {[%clk 1:01:21]} 43. Kf4 {[%clk 1:12:55]} Kf6
{[%clk 1:00:55]} 44. Rb6+ {[%clk 1:12:56]} Kf7 {[%clk 1:01:11]} 45. Ke5
{[%clk 1:12:39]} Ng8 {[%clk 0:54:51]} 46. Rb7+ {[%clk 1:12:47]} Kf8
{[%clk 0:53:44]} 47. Ke6 {[%clk 1:13:04]} g5 {[%clk 0:49:35]} 48. g4
{[%clk 1:12:26]} 1-0

[Event "World Chess Olympiad 2018"]
[Site "Batumi"]
[Date "2018.09.25"]
[Round "2"]
[Board "4"]
[WhiteFideId "21200254"]
[White "Numatsi Yawotsu Dzigba"]
[BlackFideId "7700148"]
[Black "Merritt Mario"]
[Result "0-1"]
[LiveChessVersion "1.4.8"]
[BlackElo "2175"]
[WhiteElo "1661"]

1. e4 c5 {[%clk 1:30:53]} 2. Nf3 {[%clk 1:29:59]} d6 {[%clk 1:31:08]} 3. Bb5+
{[%clk 1:30:02]} Nd7 {[%clk 1:31:20]} 4. O-O {[%clk 1:29:58]} a6 {[%clk 1:31:24]}
5. Bxd7+ {[%clk 1:29:57]} Bxd7 {[%clk 1:31:44]} 6. d3 {[%clk 1:28:02]} g6
{[%clk 1:31:01]} 7. Nbd2 {[%clk 1:27:03]} Bg7 {[%clk 1:31:05]} 8. Rb1
{[%clk 1:27:02]} Nf6 {[%clk 1:26:28]} 9. e5 {[%clk 1:24:12]} dxe5
{[%clk 1:26:15]} 10. Nxe5 {[%clk 1:24:38]} Be6 {[%clk 1:26:31]} 11. a3
{[%clk 1:14:50]} O-O {[%clk 1:24:42]} 12. Nef3 {[%clk 1:13:05]} Ba2
{[%clk 1:23:14]} 13. Ra1 {[%clk 1:13:26]} Bd5 {[%clk 1:23:18]} 14. Rb1
{[%clk 1:12:36]} Qc7 {[%clk 1:22:36]} 15. h3 {[%clk 1:10:35]} Rad8
{[%clk 1:22:27]} 16. b3 {[%clk 1:05:05]} e5 {[%clk 1:21:47]} 17. Qe2
{[%clk 1:00:11]} Rfe8 {[%clk 1:21:14]} 18. Ne4 {[%clk 0:54:46]} Nh5
{[%clk 1:16:46]} 19. Nc3 {[%clk 0:48:13]} Bc6 {[%clk 1:17:01]} 20. a4
{[%clk 0:28:29]} f5 {[%clk 1:15:53]} 21. Nd1 {[%clk 0:27:15]} e4 {[%clk 1:15:00]}
22. Nh2 {[%clk 0:17:43]} exd3 {[%clk 1:15:12]} 23. Qd2 {[%clk 0:17:55]} dxc2
{[%clk 1:15:21]} 24. Qxc2 {[%clk 0:18:11]} Be4 {[%clk 1:15:33]} 25. Qc4+
{[%clk 0:18:38]} Qf7 {[%clk 1:14:27]} 26. Qxf7+ {[%clk 0:17:05]} Kxf7
{[%clk 1:14:50]} 27. Rb2 {[%clk 0:16:17]} Bxb2 {[%clk 1:14:15]} 28. Bxb2
{[%clk 0:15:16]} Bd3 {[%clk 1:13:40]} 29. g4 {[%clk 0:10:48]} Nf4
{[%clk 1:13:41]} 30. Ne3 {[%clk 0:06:02]} Nxh3+ {[%clk 1:13:02]} 31. Kg2
{[%clk 0:06:22]} Bxf1+ {[%clk 1:13:21]} 32. Nhxf1 {[%clk 0:05:24]} Nf4+
{[%clk 1:13:19]} 33. Kf3 {[%clk 0:05:32]} Nd3 {[%clk 1:13:21]} 34. Bc3
{[%clk 0:04:59]} f4 {[%clk 1:13:27]} 35. Nc4 {[%clk 0:04:48]} b5 {[%clk 1:13:44]}
36. axb5 {[%clk 0:04:40]} axb5 37. Ncd2 b4 {[%clk 1:13:32]} 38. Bxb4
{[%clk 0:03:20]} cxb4 {[%clk 1:13:38]} 39. Ne4 {[%clk 0:03:08]} Rxe4
{[%clk 1:12:31]} 40. Kxe4 {[%clk 0:33:34]} g5 {[%clk 1:42:22]} 41. Nh2
{[%clk 0:27:07]} Kf6 {[%clk 1:41:35]} 42. Kf3 {[%clk 0:25:25]} Nc1 0-1

[Event "World Chess Olympiad 2018"]
[Site "Batumi"]
[Date "2018.09.25"]
[Round "2"]
[Board "1"]
[WhiteFideId "21400113"]
[White "Mimbasa Kutesa Willy"]
[BlackFideId "20300166"]
[Black "Ntamatungiro Wilfried"]
[Result "0-1"]
[LiveChessVersion "1.4.8"]
[BlackElo "1765"]
[WhiteElo "1760"]

1. e4 {[%clk 1:24:44]} Nc6 {[%clk 1:30:50]} 2. Nf3 {[%clk 1:24:19]} f5
{[%clk 1:30:18]} 3. Bc4 {[%clk 1:23:07]} fxe4 {[%clk 1:29:48]} 4. Nh4
{[%clk 1:20:46]} Nf6 {[%clk 1:28:51]} 5. Nc3 {[%clk 1:19:36]} e6 {[%clk 1:27:07]}
6. d4 {[%clk 1:18:52]} d5 {[%clk 1:26:47]} 7. Bb5 {[%clk 1:18:27]} Bb4
{[%clk 1:26:51]} 8. Bg5 {[%clk 1:18:27]} O-O {[%clk 1:26:44]} 9. f3
{[%clk 1:17:30]} Qd6 {[%clk 1:26:49]} 10. Qd2 {[%clk 1:16:28]} exf3
{[%clk 1:24:52]} 11. Nxf3 {[%clk 1:15:47]} Ne4 {[%clk 1:25:09]} 12. Qe3
{[%clk 1:15:15]} e5 {[%clk 1:12:12]} 13. Bxc6 {[%clk 1:13:53]} bxc6
{[%clk 1:12:04]} 14. O-O {[%clk 1:12:12]} exd4 {[%clk 1:09:49]} 15. Nxd4
{[%clk 1:11:18]} Ba6 {[%clk 1:05:27]} 16. Rxf8+ {[%clk 1:11:10]} Rxf8
{[%clk 1:05:39]} 17. Nxe4 {[%clk 1:10:47]} dxe4 {[%clk 1:03:17]} 18. Qxe4
{[%clk 1:10:09]} Bc5 {[%clk 0:52:22]} 19. c3 {[%clk 1:09:15]} Qd5
{[%clk 0:49:02]} 20. Qxd5+ {[%clk 1:08:27]} cxd5 {[%clk 0:49:15]} 21. Kh1
{[%clk 1:08:38]} Bxd4 {[%clk 0:48:52]} 22. cxd4 {[%clk 1:08:39]} Bd3
{[%clk 0:48:59]} 23. Kg1 {[%clk 1:07:49]} h6 {[%clk 0:43:13]} 24. Bh4
{[%clk 1:07:55]} Kf7 {[%clk 0:39:29]} 25. Rc1 {[%clk 1:07:50]} Rc8
{[%clk 0:39:16]} 26. Rc3 {[%clk 1:06:38]} Be4 {[%clk 0:39:18]} 27. Rc6
{[%clk 1:06:35]} Ke8 {[%clk 0:34:06]} 28. Re6+ {[%clk 1:06:00]} Kf8
{[%clk 0:34:17]} 29. Ra6 {[%clk 1:05:10]} c5 30. Rxa7 {[%clk 1:03:05]} cxd4
{[%clk 0:34:46]} 31. Be7+ {[%clk 0:58:38]} Kg8 {[%clk 0:34:25]} 32. Rb7
{[%clk 0:55:13]} d3 {[%clk 0:34:01]} 33. Bb4 {[%clk 0:55:03]} Rc2
{[%clk 0:33:56]} 34. Rb8+ {[%clk 0:54:29]} Kh7 {[%clk 0:33:59]} 35. Kf1
{[%clk 0:53:53]} Rxb2 {[%clk 0:33:00]} 36. a4 Bxg2+ 37. Ke1 {[%clk 0:51:24]} Bf3
{[%clk 0:33:13]} 38. a5 {[%clk 0:50:06]} d2+ {[%clk 0:33:29]} 39. Bxd2
{[%clk 0:49:43]} Rxb8 {[%clk 0:33:50]} 40. Kf2 {[%clk 0:50:08]} Be4
{[%clk 0:33:01]} 41. Be3 {[%clk 1:20:25]} Rb2+ {[%clk 1:02:57]} 42. Kg3 Rg2+ 43.
Kf4 {[%clk 1:19:16]} Rxh2 {[%clk 1:02:52]} 44. Bd4 {[%clk 1:19:30]} g5+
{[%clk 1:02:55]} 45. Ke5 {[%clk 1:19:49]} Ra2 {[%clk 1:03:01]} 46. Bc3
{[%clk 1:19:36]} h5 {[%clk 1:03:00]} 47. Kd4 {[%clk 1:19:23]} h4 {[%clk 1:02:56]}
48. Kc5 {[%clk 1:19:42]} Rc2 {[%clk 1:02:58]} 49. Kd4 {[%clk 1:19:57]} h3
{[%clk 1:03:06]} 50. a6 h2 51. a7 {[%clk 1:19:55]} Ra2 {[%clk 1:03:29]} 0-1